000 00278 a2200121 4500
005 20250628104428.0
082 _a657ROC
100 _aROCKNESS, J.
245 _aFinancial Accounting and Management Accounting,
250 _a2nd Ed.
700 _aSKENDER, C. J.
942 _2ddc
_cBKS
999 _c5965
_d5965